000 00929nam a22003017a 4500
003 CHAP
005 20220329135253.0
008 971013s1969 r 00010 d
010 _a33569
011 _a34541
035 _a38657
040 _cCHAP
090 _aFolleto 2211
100 0 0 _aMeanley, Brooke.
_973793
245 _aNatural history of the king rail
260 _aWashington :
_bBureau of Sport Fisheries and Wildlife,
_c1969
300 _a108 p.
_b: ilus. ; mapas
490 _aNorth America Fauna
_v; 67
590 _aBATCH-UPD
_b10
_c20130110
_lUCH01
_h2150
590 _aBATCH-UPD
_b10
_c20130410
_lUCH01
_h1458
590 _aBATCH-UPD
_b10
_c20130914
_lUCH01
_h0609
590 _aCONVERSION
_b10
_c20130109
_lUCH01
_h1319
650 1 4 _aAves
_xAmérica del Norte.
_98592
830 0 _aNorth America Fauna
_v; 67
_981782
901 _aBK
942 _cFOLL
949 _aFolleto 2211
_bBC
_cFOLL
_d-88385
_eTS1
_i38657
_si
999 _c33569
_d33569